LEADER 01740nam a2200301 u 4500 001 000000000847 003 CaOOAMICUS 005 20070226104239.0 008 940517m19361952vc a u000 u lat u 035 $a10017749 040 $a*Dartmouth College Lib*$bita$dCStRLIN$dMiU$dISV 100 1 $aFrey, Jean-Baptiste,$cC.S.Sp.,$d1878-1939.$0(OLS)http://pul/name/966 245 10$aCorpus inscriptionum iudaicarum :$brecueil des inscriptions juives qui vont du IIIe siècle avant Jésus-Christ au VIIe siècle de notre ère /$cJean-Baptiste Frey. 260 $aCittà del Vaticano :$bPontificio Istituto di Archeologia Cristiana,$c1936-1952. 300 $a2 v. :$bill. ;$c27 cm 490 1 $aSussidi allo studio delle antichità cristiane ;$v1,3 504 $a"Principales publications citées": vol. I, p. [xix]-li. 505 1 $av. 1. Europe -- v. 2. Asie, Afrique. 650 0$aInscriptions, Jewish.$2//eng$0(OLS)http://pul/subject/942 650 0$aInscriptions, Greek.$2//eng$0(OLS)http://pul/subject/943 650 0$aInscriptions, Latin.$2//eng$0(OLS)http://pul/subject/532 650 0$aJews$zRome.$2//eng$0(OLS)http://pul/subject/944 830 0$aSussidi allo studio delle antichità cristiane ;$v1,3.$0(OLS)http://pul/title/1229 850 $aPUL 852 $aPUL$W1$xDP1 Cons. Gen., Altre Classi 1$y22$m139 D 23$j1083$nBK-PRI$b $qStampati$B1083$CPULBib$Z2$F1083 $H $81 941 1 $a8 996 $6245$aCorpus inscriptionum iudaicarum :$brecueil des inscriptions juives qui vont du IIIe siècle avant Jésus-Christ au VIIe siècle de notre ère$9(OLS)http://pul/title/1228 996 $6260$aCittà del Vaticano :$bPontificio Istituto di Archeologia Cristiana$9(OLS)http://pul/publisher/48626 LEADER 01387nam a2200325 u 4500 001 000000079809 003 CaOOAMICUS 005 20070226123559.0 008 040615s1999 sp u000 u spa u 020 $a8433014250 035 $a10999467 040 $aPUL$bita 100 1 $aEllacuría, Ignacio,$d1930-1989.$0(OLS)http://pul/name/26391 245 10$aFe y justicia /$cIgnacio Ellacuría ; estudio introductorio de Jon Sobrino. 260 $aBilbao :$bDesclée De Brouwer,$cc1999. 300 $a232 p. ;$c24 cm 490 1 $aPalimpsesto.$aMemoria del cristianismo, memoria humana ;$v4 500 $aIndici : p. 217-228. 504 $aBibliografia in nota. 650 4$aCristianesimo (filosofia).$0(OLS)http://pul/subject/22607 650 4$aFede.$0(OLS)http://pul/subject/668 650 4$aGiustizia.$0(OLS)http://pul/subject/5671 700 1 $aSobrino, Jon.$0(OLS)http://pul/name/39503 830 0$aPalimpsesto.$pMemoria del cristianismo, memoria humana ;$v4.$0(OLS)http://pul/title/104538 850 $aPUL 852 $aPUL$W1$xSL Filosofia 3$y81$m196 ELLIG 1$j120265$nBK-PRI$qDDC 21$B102046$CPULBib$Z2$F102046 $H92657 $82 941 1 $a9 996 $6020$a8433014250$9(OLS)http://pul/number/105161 996 $6245$aFe y justicia$9(OLS)http://pul/title/104537 996 $6260$aBilbao :$bDesclée De Brouwer$9(OLS)http://pul/publisher/74347